Islam and the modern muslim world
| Main Author: | |
|---|---|
| Format: | Book |
| Published: |
Kuala Lumpur :
WHS Pub. ,
1993
|
| Subjects: |
MARC
| LEADER | 00000cam a2200000 7i4500 | ||
|---|---|---|---|
| 001 | 0000000590 | ||
| 005 | 20000911.0 | ||
| 020 | 0 | 0 | |a 0905906438 |
| 090 | 0 | 0 | |a 297 |b CHO 1993 |
| 100 | 1 | 0 | |a CHOUDHURY |h Golam Wahed |
| 245 | 1 | 0 | |a Islam and the modern muslim world |c G W Choudhury |
| 260 | 0 | 0 | |a Kuala Lumpur : |b WHS Pub. , |c 1993 |
| 300 | |a 240 p. ; |c 22 cm. | ||
| 500 | 0 | 0 | |a Bibliography: [p. 227 - 240] and index |
| 650 | 0 | 0 | |a Islam |
| 650 | 0 | 0 | |a Islam and civilization |
| 650 | 0 | 0 | |a Islam and world politics |
| 999 | |a 0000000443 |b Monograph |c Open Shelf |e Default branch | ||